| 000 | 00802cam a22002533a 4500 | ||
|---|---|---|---|
| 001 | 45368 | ||
| 003 | PGUSA | ||
| 005 | 20140828084040.0 | ||
| 008 | 140412s2014||||xxu|||||s|||||000 | eng d | ||
| 040 |
_aPGUSA _beng |
||
| 042 | _adc | ||
| 100 | 1 |
_aWells, H. G. _q(Herbert George), _d1866-1946 |
|
| 245 | 1 | 4 |
_aThe Outline of History : _bBeing a Plain History of Life and Mankind _h[electronic resource] / _cH. G. Wells |
| 260 |
_bProject Gutenberg, _c2014 |
||
| 506 | _aPublic domain in the USA. | ||
| 516 | _aElectronic text | ||
| 700 | 1 |
_aLankester, E. Ray, _cSir _q(Edwin Ray), _d1847-1929 |
|
| 700 | 1 | _aJohnston, H.H. | |
| 700 | 1 |
_aMurray, Gilbert, _d1866-1957 |
|
| 700 | 1 | _aBarker, Ernest | |
| 830 | 0 |
_aProject Gutenberg _v45368 |
|
| 856 | 4 | 0 | _uhttp://www.gutenberg.org/ebooks/45368 |
| 942 | _cEB | ||
| 999 |
_c274619 _d274619 |
||